| 000 | 01379 a2200265 4500 | ||
|---|---|---|---|
| 003 | Nust | ||
| 005 | 20220720143654.0 | ||
| 010 | _a 97049834 | ||
| 020 | _a9814126888 | ||
| 040 | _cNust | ||
| 082 | 0 | 0 | _a003.54,PLE |
| 100 | 1 |
_aPless, Vera. _960874 |
|
| 245 | 1 | 0 |
_aIntroduction to the theory of error-correcting codes / _cVera Pless. |
| 250 | _a3rd ed. | ||
| 260 |
_aNew York : _bWiley, _c1998. |
||
| 300 |
_axii, 207 p. : _bill. ; _c24 cm. |
||
| 440 | 0 |
_aWiley-Interscience series in discrete mathematics and optimization _994108 |
|
| 505 | _aIntroduction Concepts (Page-1), useful Background (Page-17), A Double Error Correcting BCH Code and a Finite Field of 16 Elements (Page-39), Finite Fields (Page-51), Cyclic Codes (Page-67), Group a Code and Quadratic Residue (QR) Codes (Page-85), Bose Chaudhuri Hocquenghem (BCH) Codes (Page-109), Weight Distributions (Page-123), Design And Games (Page-143), Some Codes Are Unique (Page-169), | ||
| 538 | _aAlmirah No.1 and Shelf No.4 | ||
| 650 | 0 |
_aError-correcting codes (Information theory) _924227 |
|
| 856 | 4 | 2 |
_3Contributor biographical information _uhttp://www.loc.gov/catdir/bios/wiley042/97049834.html |
| 856 | 4 | 2 |
_3Publisher description _uhttp://www.loc.gov/catdir/description/wiley034/97049834.html |
| 856 | 4 | 2 |
_3Table of Contents _uhttp://www.loc.gov/catdir/toc/onix05/97049834.html |
| 942 |
_2ddc _cBK _k003.54,PLE |
||
| 999 |
_c176135 _d176135 |
||